Ética: Introducción a su problemática y su historia./ (Registro nro. 9497)
[ vista simple ]
| 000 -LEADER | |
|---|---|
| fixed length control field | 00909nam a2200205Ia 4500 |
| 005 - FECHA Y HORA DE LA ÚLTIMA TRANSACCIÓN | |
| control field | 20250618102623.0 |
| 008 - FIXED-LENGTH DATA ELEMENTS--GENERAL INFORMATION | |
| fixed length control field | 230921s9999 xx 000 0 und d |
| 020 ## - INTERNATIONAL STANDARD BOOK NUMBER | |
| International Standard Book Number | 9789701065723 |
| 040 ## - CATALOGING SOURCE | |
| Original cataloging agency | UPAN |
| Transcribing agency | Biblioteca San Vicente |
| Description conventions | RCAA2 |
| 041 ## - LANGUAGE CODE | |
| Language code of text/sound track or separate title | spa |
| 082 ## - DEWEY DECIMAL CLASSIFICATION NUMBER | |
| Classification number | 170 |
| Item number | E836e |
| año de publicación | 2008 |
| 100 ## - MAIN ENTRY--PERSONAL NAME | |
| Personal name | Escobar, Gustavo |
| Relator code | aut. |
| 245 #0 - TITLE STATEMENT | |
| Title | Ética: Introducción a su problemática y su historia./ |
| Statement of responsibility, etc | Gustavo Escobar |
| 250 ## - EDITION STATEMENT | |
| Edition statement | 6° ed. |
| 260 ## - PUBLICATION, DISTRIBUTION, ETC. (IMPRINT) | |
| Place of publication, distribution, etc | Mexico: |
| Name of publisher, distributor, etc | McGrawHill, |
| Date of publication, distribution, etc | 2008 |
| 300 ## - PHYSICAL DESCRIPTION | |
| Extent | 258 p.; |
| Dimensions | 27 cm. |
| 505 ## - FORMATTED CONTENTS NOTE | |
| Formatted contents note | Unidad 1: <br/>Conceptos de filosofía. <br/>Unidad 2: <br/>Caracterización de la ética. <br/>Unidad 3: <br/>Esencia de la moral. <br/>Unidad 4: <br/>El problema del hombre.<br/>Unidad 5: <br/>La ética y sus valores. <br/>Unidad 6: <br/>Principales problemas de la ética. <br/>Unidad 7: <br/>Doctrinas éticas fundamentales. <br/>Unidad 8: <br/>La ética aplicada. |
| 650 ## - SUBJECT ADDED ENTRY--TOPICAL TERM | |
| Source of heading or term | LEMB |
| Topical term or geographic name as entry element | Historia |
| General subdivision | Ética |
| 942 ## - ADDED ENTRY ELEMENTS (KOHA) | |
| Koha item type | Libros |
| Source of classification or shelving scheme | Dewey Decimal Classification |
| Withdrawn status | Lost status | Source of classification or shelving scheme | Damaged status | Not for loan | Collection code | Home library | Current library | Date acquired | Total Checkouts | Full call number | Barcode | Date last seen | Copy number | Price effective from | Koha item type |
|---|---|---|---|---|---|---|---|---|---|---|---|---|---|---|---|
| Dewey Decimal Classification | Colección General | Biblioteca UPAN San Vicente | Biblioteca UPAN San Vicente | 21/09/2023 | 170 E836e | 12003070 | 21/09/2023 | 01 | 21/09/2023 | Libros | |||||
| Dewey Decimal Classification | Colección General | Biblioteca UPAN San Vicente | Biblioteca UPAN San Vicente | 21/09/2023 | 170 E836e | 12003071 | 29/09/2023 | 02 | 21/09/2023 | Libros | |||||
| Dewey Decimal Classification | Colección General | Biblioteca UPAN San Vicente | Biblioteca UPAN San Vicente | 21/09/2023 | 170 E836e | 12002571 | 29/09/2023 | 03 | 21/09/2023 | Libros |